|
|
|
|
| LEADER |
00000nab a2200000 a 4500 |
| 001 |
vtls000860303 |
| 003 |
SK-MaSNL |
| 005 |
20260304205605.0 |
| 008 |
131021c2003 xo 0 slo |
| 015 |
|
|
|a SNBRB2004/01-02160
|
| 035 |
|
|
|a CLN000211916
|
| 040 |
|
|
|a SNKBUCL
|b slo
|c SNKBUCL
|e AACR2
|
| 041 |
0 |
|
|a slo
|
| 044 |
|
|
|a xo
|c SK
|
| 080 |
|
|
|a 82:061.2(437.6)
|2 1997
|
| 080 |
|
|
|a 821.162.4:061.2
|2 1997
|
| 100 |
1 |
|
|a Balák, Štefan,
|d 1944-2014
|4 aut
|9 102338
|
| 245 |
1 |
0 |
|a Básne, kormorány, poviedky jesetery-
|b (Spolok Slovenských spisovateľov oslavuje osemdesiate narodeniny)
|c Štefan Balák
|
| 300 |
|
|
|b Fotogr.
|
| 610 |
2 |
7 |
|a Spolok slovenských spisovateľov
|2 snkbucl
|9 21342
|
| 648 |
|
7 |
|a 2003
|2 snkbucl
|9 301018
|
| 651 |
|
7 |
|a Gabčíkovo (Slovensko)
|2 snkbucl
|9 23512
|
| 655 |
|
7 |
|a články z novín a časopisov
|2 snkbucl
|9 267496
|
| 655 |
|
7 |
|a články z odboru literárna veda a krásna literatúra
|2 snkbucl
|9 770045
|
| 773 |
0 |
|
|t Slovenské pohľady
|g Roč. 4+119, č. 12 (2003), s. 152-154
|x 1335-7786
|
| 850 |
|
|
|a Slovenská národná knižnica v Martine
|
| 852 |
|
|
|a SNK
|b KIS3GCP
|
| 958 |
|
|
|a LX
|
| 992 |
|
|
|a RBX
|
| 999 |
|
|
|c 3121813
|d 3123743
|